000 00262nam a2200097Ia 4500
082 _aJ 636.089 THOM
245 0 _aVeterinarian
100 _a THOMAS, William Pleasantville, NY, [c.2009]
_975980
942 _cBK
008 210817s9999 xx 000 0 und d
999 _c251898
_d251897